000 00587nam a2200193Ia 4500
003 GCL
008 140319s9999 xx 000 0 ara d
040 _aGCL /
_cGCL
082 0 4 _a813.01
_bع ت
100 1 _aعمار العبدالله
245 1 0 _aالتابع /
_cعمار العبدالله
260 _a[S.N] :
_bرياض الريس للكتب والنشر ،
_c1992
300 _a109 ص
490 _aالسلسلة القصصية
_v0
650 0 4 _aالادب العربى
650 0 4 _aالقصص العربية القصيرة
650 0 4 _aالقصص
942 _2ddc
_cBK
999 _c56046
_d56046